Handbook for members of Rajya Sabha (Record no. 516476)

000 -LEADER
fixed length control field 00294nam a22000977a 4500
082 ## - DEWEY DECIMAL CLASSIFICATION NUMBER
Classification number TNC A95x54 R16
100 ## - MAIN ENTRY--PERSONAL NAME
Personal name Rajya Sabha Secretariat
9 (RLIN) 22992
245 ## - TITLE STATEMENT
Title Handbook for members of Rajya Sabha
Statement of responsibility, etc by Rajya Sabha Secretariat
260 ## - PUBLICATION, DISTRIBUTION, ETC. (IMPRINT)
Place of publication, distribution, etc New Delhi
Name of publisher, distributor, etc Rajya Sabha Secretariat
Date of publication, distribution, etc 2002
300 ## - PHYSICAL DESCRIPTION
Extent 167p.
Holdings
Withdrawn status Lost status Source of classification or shelving scheme Damaged status Koha normalized classification for sorting Not for loan Permanent location Current location Date acquired Full call number Barcode Date last seen Price effective from Koha item type
        TNC_A95X54_R16   Indian Institute of Public Administration Indian Institute of Public Administration 2021-02-26 TNC A95x54 R16 GR23141 2021-02-26 2021-02-26 GR

Powered by Koha